Catálogo

Tras las huellas de la privatización : (Registro nro. 63357)

Detalles MARC
000 -LEADER
fixed length control field 01323cam a2200337 i 4500
001 - CONTROL NUMBER
control field 63357
003 - CONTROL NUMBER IDENTIFIER
control field Mx-PuUPA
005 - DATE AND TIME OF LATEST TRANSACTION
control field 20230316124115.0
008 - FIXED-LENGTH DATA ELEMENTS--GENERAL INFORMATION
fixed length control field 150822s1994 mx gr 000 0 spa d
020 ## - INTERNATIONAL STANDARD BOOK NUMBER
International Standard Book Number 9682319137
040 ## - CATALOGING SOURCE
Original cataloging agency MX-PuUPA
Language of cataloging spa
Description conventions rda
Transcribing agency Mx-PuUPA
Modifying agency Mx-PuUPA
041 0# - LANGUAGE CODE
Language code of text/sound track or separate title spa
245 00 - TITLE STATEMENT
Title Tras las huellas de la privatización :
Remainder of title el caso de Altos Hornos de México /
Statement of responsibility, etc. por Isabel Rueda Peiro, Gerardo González Chávez, Servando Chávez Quezada [y otros tres]
250 ## - EDITION STATEMENT
Edition statement Primera edición
264 #1 - PRODUCTION, PUBLICATION, DISTRIBUTION, MANUFACTURE, AND COPYRIGHT NOTICE
Place of production, publication, distribution, manufacture México, D.F. :
Name of producer, publisher, distributor, manufacturer Siglo xxi Editores,
Date of production, publication, distribution, manufacture, or copyright notice 1994
300 ## - PHYSICAL DESCRIPTION
Extent 277 páginas :
Other physical details gráficas, tablas ;
Dimensions 21 cm.
336 ## - CONTENT TYPE
Content type term texto
Fuente rdacontent
Content type code txt
337 ## - MEDIA TYPE
Media type term sin medio
Source rdamedia
Media type code n
338 ## - CARRIER TYPE
Carrier type term volumen
Source rdacarrier
Carrier type code nc
490 0# - SERIES STATEMENT
Series statement Económia y demografía
500 ## - GENERAL NOTE
General note "Primer lugar Premio Maestro Jesús Silva Herzog". -- Cubierta
650 #7 - SUBJECT ADDED ENTRY--TOPICAL TERM
Topical term or geographic name entry element Siderurgia y comercio
General subdivision Privatización
Geographic subdivision México
Source of heading or term armarc
650 #7 - SUBJECT ADDED ENTRY--TOPICAL TERM
Topical term or geographic name entry element Privatización
Geographic subdivision México
Source of heading or term armarc
650 #7 - SUBJECT ADDED ENTRY--TOPICAL TERM
Topical term or geographic name entry element Industria del acero
General subdivision Privatización
Geographic subdivision México
Source of heading or term armarc
700 1# - ADDED ENTRY--PERSONAL NAME
Personal name Rueda Peiro, Isabel,
Relator term coordinador
Titles and other words associated with a name autor
700 1# - ADDED ENTRY--PERSONAL NAME
Personal name González Chávez, Gerardo,
Relator term autor
700 1# - ADDED ENTRY--PERSONAL NAME
Personal name Chávez Quezada, Servando,
Relator term autor
942 ## - ADDED ENTRY ELEMENTS (KOHA)
Source of classification or shelving scheme Dewey Decimal Classification
Koha item type Libro
Classification part 338.47669
Item part T758
Existencias
Withdrawn status Lost status Source of classification or shelving scheme Damaged status Not for loan Collection code Home library Current library Shelving location Date acquired Source of acquisition Total Checkouts Full call number Barcode Date last seen Price effective from Koha item type
    Dewey Decimal Classification     General Biblioteca Karol Wojtyla Biblioteca Karol Wojtyla Sala general 24/11/2017 Compra   338.47669 TRA 1994 97468 05/01/2026 24/11/2017 Libro
    Dewey Decimal Classification     General Tehuacán Tehuacán Sala general 22/08/2015 Compra   338.47669 T758 1994 968000001464 08/01/2025 22/08/2015 Libro